| 000 | 00993nam a2200277 i 4500 | ||
|---|---|---|---|
| 003 | DO-SdBNP | ||
| 005 | 20240626113359.0 | ||
| 006 | a||||gr|||| 00| 0 | ||
| 008 | 240625t1971 |||||||| |||| 00| 0 eng d | ||
| 040 |
_aDO-SdBNP _bspa _cBNPHU _erda |
||
| 082 | 4 |
_222 _bR696 |
|
| 100 | 1 |
_aRodríguez G. de Ceballos, Alfonso _eautor _985813 |
|
| 245 | 1 | 0 |
_aLos churriguera / _bAlfonso Rodríguez G. de Ceballos. |
| 264 |
_aMadrid, España : _bInstituto Diego Velasquez, _c1971 |
||
| 300 |
_a53 páginas : _bilustraciones, fotografías ; _c23 cm. |
||
| 336 |
_2rdacontent _atexto _btxt |
||
| 337 |
_2rdamedia _asin mediación _bn |
||
| 338 |
_2rdacarrier _avolumen _bnc |
||
| 490 | _aArtes y Artistas | ||
| 500 | _aIncluye bibliografía y notas de láminas, página 49-53. | ||
| 504 | _aBibliografía: páginas 45-46 | ||
| 590 | _aInventariado 2024 / MF | ||
| 650 | 4 |
_aArte Barroco _zEspaña _960483 _yXVIII |
|
| 650 | 4 |
_aPintura Española _xHistoria y Crítica _914280 _yXVIII |
|
| 942 |
_2ddc _cLBS1 |
||
| 999 |
_c56993 _d56993 |
||